00681nam a2200181Ia 4500008004100000041000800041082001800049100001400067245009900081250001500180260003200195300000800227365001600235700001400251906005300265999001900318952016200337230718s9999 xx 000 0 und d aeng a519.4024bAUT aAuti A.B. aComputer Oriented Numerical Methodsb+ Laboratory Practical Handbook For C And Matlab Programs a3rd Re.ed. c2008bTech-Max Publications a999 cRs.b415.00 aAuti A.B. dO:0047114-Jan-2010B:217327-Jul-2009cMECHb62.25 c323567d323567 00104070aCCEPbCCEPd2010-01-14eOm Book StallfMECHg352.75i2173l0o519.4024pCCEP-BK-34774r2023-07-18 00:00:00t62.25v415.00w2009-07-27yBKz034774